<?xml version="1.0" encoding="UTF-8"?>
<record
    xmlns:xsi="http://www.w3.org/2001/XMLSchema-instance"
    xsi:schemaLocation="http://www.loc.gov/MARC21/slim http://www.loc.gov/standards/marcxml/schema/MARC21slim.xsd"
    xmlns="http://www.loc.gov/MARC21/slim">

  <leader>00967nam a2200241Ia 4500</leader>
  <controlfield tag="008">200826s9999||||xx |||||||||||||| ||und||</controlfield>
  <datafield tag="020" ind1=" " ind2=" ">
    <subfield code="a">&#xA0;9787549512805</subfield>
  </datafield>
  <datafield tag="020" ind1=" " ind2=" ">
    <subfield code="a">7549512809</subfield>
  </datafield>
  <datafield tag="041" ind1=" " ind2=" ">
    <subfield code="a">chi</subfield>
    <subfield code="h">eng</subfield>
  </datafield>
  <datafield tag="050" ind1=" " ind2=" ">
    <subfield code="a">JC11</subfield>
    <subfield code="b">.F8512 2011</subfield>
  </datafield>
  <datafield tag="100" ind1=" " ind2=" ">
    <subfield code="a">Fukuyama, Francis </subfield>
  </datafield>
  <datafield tag="245" ind1=" " ind2="0">
    <subfield code="a">&#x653F;&#x6CBB;&#x79E9;&#x5E8F;&#x7684;&#x8D77;&#x6E90; : </subfield>
    <subfield code="b">&#x4ECE;&#x524D;&#x4EBA;&#x7C7B;&#x65F6;&#x4EE3;&#x5230;&#x6CD5;&#x56FD;&#x5927;&#x9769;&#x547D; = The origins of the political order /</subfield>
    <subfield code="c">&#x5F17;&#x6717;&#x897F;&#x65AF;&#xB7;&#x798F;&#x5C71; (Francis Fukuyama) &#x8457;; &#x6BDB;&#x4FCA;&#x6770;&#x8BD1;&#xA0;</subfield>
  </datafield>
  <datafield tag="246" ind1=" " ind2=" ">
    <subfield code="a">&#x653F;&#x6CBB;&#x79E9;&#x5E8F;&#x7684;&#x8D77;&#x6E90; :</subfield>
    <subfield code="b">&#x5F9E;&#x524D;&#x4EBA;&#x985E;&#x6642;&#x4EE3;&#x5230;&#x6CD5;&#x570B;&#x5927;&#x9769;&#x547D; = The origins of the political order /</subfield>
  </datafield>
  <datafield tag="260" ind1=" " ind2=" ">
    <subfield code="a">&#x6842;&#x6797;:</subfield>
    <subfield code="b">&#x5E7F;&#x897F;&#x5E08;&#x8303;&#x5927;&#x5B66;&#x51FA;&#x7248;&#x793E;,</subfield>
    <subfield code="c">2011</subfield>
  </datafield>
  <datafield tag="300" ind1=" " ind2=" ">
    <subfield code="a">11,548 p. : </subfield>
    <subfield code="b">map. ; </subfield>
    <subfield code="c">24 cm.</subfield>
  </datafield>
  <datafield tag="500" ind1=" " ind2=" ">
    <subfield code="a">Translation of: The origins of The political order: from prehuman times to The French Revolution.</subfield>
  </datafield>
  <datafield tag="650" ind1=" " ind2=" ">
    <subfield code="a">Comparative government -- History.</subfield>
  </datafield>
  <datafield tag="650" ind1=" " ind2=" ">
    <subfield code="a">Democr.</subfield>
  </datafield>
  <datafield tag="650" ind1=" " ind2=" ">
    <subfield code="a">Order -- History.</subfield>
  </datafield>
  <datafield tag="700" ind1=" " ind2=" ">
    <subfield code="a">&#x5F17;&#x6717;&#x897F;&#x65AF;&#xB7;&#x798F;&#x5C71;</subfield>
  </datafield>
  <datafield tag="700" ind1=" " ind2=" ">
    <subfield code="a">&#x6BDB;&#x4FCA;&#x6770;</subfield>
  </datafield>
  <datafield tag="952" ind1=" " ind2=" ">
    <subfield code="0">0</subfield>
    <subfield code="1">0</subfield>
    <subfield code="4">0</subfield>
    <subfield code="7">0</subfield>
    <subfield code="a">GETS</subfield>
    <subfield code="b">GETS</subfield>
    <subfield code="c">GEN</subfield>
    <subfield code="d">2020-08-26</subfield>
    <subfield code="l">0</subfield>
    <subfield code="o">JC11 .F8512 2011</subfield>
    <subfield code="p">00008638</subfield>
    <subfield code="r">2020-08-26 00:00:00</subfield>
    <subfield code="w">2020-08-26</subfield>
    <subfield code="y">CB</subfield>
  </datafield>
  <datafield tag="999" ind1=" " ind2=" ">
    <subfield code="c">21025</subfield>
    <subfield code="d">21025</subfield>
  </datafield>
</record>
